Bosquejo histórico de la política de España en tiempo de la dinastía austriaca : (Record no. 158960)
[ view plain ]
| 000 -LEADER | |
|---|---|
| campo de control de longitud fija | 01150nam a2200229 i 4500 |
| 001 - NÚMERO DE CONTROL | |
| campo de control | 158960 |
| 003 - IDENTIFICADOR DE NÚMERO DE CONTROL | |
| campo de control | ES-MaACL |
| 005 - FECHA Y HORA DE LA ÚLTIMA TRANSACCIÓN | |
| campo de control | 20240228213523.0 |
| 008 - DATOS DE LONGITUD FIJA--INFORMACIÓN GENERAL | |
| campo de control de longitud fija | 990325s1855 sp |||| | spa d |
| 080 ## - NÚMERO DE LA CLASIFICACIÓN DECIMAL UNIVERSAL | |
| Número de la Clasificación Decimal Universal | 94(460)"1516/1700" |
| 100 1# - ENTRADA PRINCIPAL--NOMBRE DE PERSONA | |
| Nombre de persona | Martínez de la Rosa, Francisco, |
| Fechas asociadas al nombre | 1787-1862 |
| 9 (RLIN) | 78009 |
| 245 10 - MENCIÓN DEL TÍTULO | |
| Título | Bosquejo histórico de la política de España en tiempo de la dinastía austriaca : |
| Resto del título | discurso leído en sesión publica en la Real Academia de la Historia el 22 de abril de 1855 / |
| Mención de responsabilidad, etc. | por el Exmo. Sr. D. Francisco Martínez de la Rosa. |
| 260 ## - PUBLICACIÓN, DISTRIBUCIÓN, ETC. | |
| Lugar de publicación, distribución, etc. | Madrid : |
| Nombre del editor, distribuidor, etc. | [s.n.], |
| Fecha de publicación, distribución, etc. | 1855 ( |
| Fabricante | Imp. a cargo de José Montegrifo) |
| 300 ## - DESCRIPCIÓN FÍSICA | |
| Extensión | 66, XXII p. ; |
| Dimensiones | 24 cm. |
| 530 ## - NOTA DISPONIBLE DE FORMULARIO FÍSICO ADICIONAL | |
| Nota de formato físico adicional disponible | Disponible en formato digital. |
| 597 ## - NOTA DE DESCRIPCIÓN FÍSICA | |
| NOTA DE DESCRIPCIÓN FÍSICA | Port. con esc. real. |
| 651 #4 - PUNTO DE ACCESO ADICIONAL DE MATERIA--NOMBRE GEOGRÁFICO | |
| Nombre geográfico | España- |
| Subdivisión general | Historia- |
| Subdivisión cronológica | 1516-1700, Casa de Austria |
| 9 (RLIN) | 8228 |
| 710 2# - ENTRADA AGREGADA--NOMBRE DE ENTIDAD CORPORATIVA | |
| Nombre de entidad corporativa o nombre de jurisdicción como elemento de entrada | Real Academia de la Historia (España) |
| 9 (RLIN) | 6309 |
| 852 ## - LOCALIZACIÓN | |
| Ubicación | ES-MaACL |
| Número de control de estantería | T-67-F-3 |
| Nota libre | - Enc. hol., falto de cub. original |
| -- | - Enc. en un vol. facticio |
| 856 ## - LOCALIZACIÓN Y ACCESO ELECTRÓNICOS | |
| Identificador Uniforme de Recursos | <a href="http://www.bibliotecavirtualdeandalucia.es/catalogo/es/consulta/registro.cmd?id=7976">http://www.bibliotecavirtualdeandalucia.es/catalogo/es/consulta/registro.cmd?id=7976</a> |
| Nota pública | Biblioteca Virtual de Andalucía |
| Estatus retirado | Estado de pérdida | Estado de daño | No para préstamo | Colección | Biblioteca de origen | Biblioteca actual | Ubicación en estantería | Fecha de adquisición | Total de préstamos | Signatura topográfica completa | Código de barras | Visto por última vez | Precio de reemplazo | Tipo de ítem Koha |
|---|---|---|---|---|---|---|---|---|---|---|---|---|---|---|
| Colección de folletos | Biblioteca del Ateneo de Madrid | Biblioteca del Ateneo de Madrid | Depósito folletos | 17/01/2008 | T-67-F-3 | 1166388 | 23/02/2023 | 23/02/2023 | Folleto |
